LEADER 00859nam0-22002891i-450- 001 990004680750403321 005 20150213155446.0 035 $a000468075 035 $aFED01000468075 035 $a(Aleph)000468075FED01 035 $a000468075 100 $a19990604d1966----km-y0itay50------ba 101 0 $aita 105 $ay-------001yy 200 1 $aRepubblica$elibro X$fPlatone$gstudio introduttivo testo greco e commento a cura di Mario Untersteiner 210 $aNapoli$cLoffredo$d1966 215 $a335 p.$d24 cm 500 10$aRes publica.$h10.$912978 700 0$aPlato$f<427-347 a. C.>$0292329 702 1$aUntersteiner,$bMario$f<1899-1981> 801 0$aIT$bUNINA$gRICA$2UNIMARC 901 $aBK 912 $a990004680750403321 952 $aFCL 2043$bIst.Fil.cl. 1739$fFLFBC 959 $aFLFBC 996 $aRes publica$912978 997 $aUNINA LEADER 01028cam a2200253 i 4500 001 991001172399707536 008 110426c2004 it 00 ita 020 $a8846454375 035 $ab13972273-39ule_inst 040 $aDip.to Studi Storici$bita 082 04$a338.4567 100 1 $aLazzeroni, Michela$0261462 245 10$aGeografia della conoscenza e dell'innovazione tecnologica :$bun'interpretazione dei cambiamenti territoriali /$cMichela Lazzeroni 260 $aMilano :$bF. Angeli,$c[2004] 300 $a224 p. ;$c23 cm. 440 0$aGeografia e società ;$v74 650 4$aAziende industriali$xInnovazione tecnologica 650 4$aIndustria$xLocalizzazione 907 $a.b13972273$b02-04-14$c26-04-11 912 $a991001172399707536 945 $aLE023 338.456 LAZ 1 1$g1$i2023000126622$lle023$o-$pE26.50$q-$rl$s- $t0$u3$v3$w3$x0$y.i15263514$z05-05-11 996 $aGeografia della conoscenza e dell'innovazione tecnologica$968286 997 $aUNISALENTO 998 $ale023$b10-05-11$cm$da $e-$fita$git $h0$i0 LEADER 02816nam 2200601 450 001 9910812547803321 005 20240221122316.0 010 $a84-9029-906-4 010 $a84-9029-644-8 035 $a(CKB)3360000000447828 035 $a(SSID)ssj0001030665 035 $a(PQKBManifestationID)11554413 035 $a(PQKBTitleCode)TC0001030665 035 $a(PQKBWorkID)11073232 035 $a(PQKB)10369751 035 $a(MiAaPQ)EBC3207136 035 $a(OCoLC)1010636462 035 $a(FlNmELB)ELB56607 035 $aEBL7007165 035 $a(AU-PeEL)EBL7007165 035 $a(MiAaPQ)EBC7051578 035 $a(Au-PeEL)EBL7051578 035 $a(MiAaPQ)EBC7007165 035 $a(EXLCZ)993360000000447828 100 $a20230626d2012 uy 0 101 0 $aspa 135 $aurcnu|||||||| 181 $ctxt 182 $cc 183 $acr 200 13$aLa alfabetizacio?n media?tica y la Ley general de comunicacio?n audiovisual Espan?a /$fJuan Carlos Gavara de Cara and Jose? Manuel Pe?rez Tornero 210 1$aBarcelona, Spain :$cEditorial UOC,$d[2012] 210 4$d©2012 215 $a1 online resource (161 pa?ginas) $cilustraciones 225 1 $aMedia literacy (Editorial UOC) 300 $aBibliographic Level Mode of Issuance: Monograph 311 $a84-9788-512-0 320 $aContiene bibliografi?a. 330 8 $aSi la sociedad de la comunicación global ha venido acompañada de promesas desmesuradas y de utopías todavía incumplidas, hoy día es obligatorio examinar y evaluar por qué ha sido así. Es ya un imperativo. No podemos, cuando la técnica es tan decisiva en nuestras vidas, abandonarnos a una confianza ciega en la tecnología, y tampoco la docilidad ante sus determinaciones puede seguir siendo nuestro comportamiento habitual. Se trataría, justamente, de lo contrario, de sustituir la confianza ciega por el espíritu crítico, reflexivo y metodológicamente científico, por un lado, y la docilidad por la autonomía de acción. Necesitamos, por tanto, desarrollar una actitud consciente, capaz de sopesar los efectos positivos y negativos de los cambios y, sobre todo, capaz de inspirar nuevos desarrollos técnicos y nuevos cursos de acción que se acomoden a las aspiraciones del ser humano. 410 0$aMedia literacy (Editorial UOC) 517 3 $aLey general de comunicacio?n audiovisual Espan?a 606 $aLanguage arts 615 0$aLanguage arts. 676 $a016.37 700 $aGavara de Cara$b Juan Carlos$0528695 702 $aPe?rez Tornero$b J. M. 801 0$bMiAaPQ 801 1$bMiAaPQ 801 2$bMiAaPQ 906 $aBOOK 912 $a9910812547803321 996 $aLa alfabetizacio?n media?tica y la Ley general de comunicacio?n audiovisual Espan?a$93915931 997 $aUNINA